Foreign investment, economic integration and industrial structure in Central America /

Bibliographic Details
Main Author: Cable, Vincent
Format: Book
Language:English
Published: Glasgow : Institute of Latin American Studies, University of Glasgow, 1976.
Series:Occasional papers (University of Glasgow. Institute of Latin American Studies) ; no. 21.
Subjects:

MARC

Tag First Indicator Second Indicator Subfields
LEADER 00000cam a2200000 a 4500
001 in00000092265
005 20150923132030.0
008 770829s1976 stk b 00010 eng d
035 |a (OCoLC)03225012 
035 |9 AAK7347AM 
040 |a DGU  |c DGU  |d m.c.  |d UtOrBLW 
043 |a nc----- 
049 |a TXAM  |c [1655882] 
090 |a HG5172  |b  C3 
100 1 |a Cable, Vincent. 
245 1 0 |a Foreign investment, economic integration and industrial structure in Central America /  |c by Vincent Cable. 
264 1 |a Glasgow :  |b Institute of Latin American Studies, University of Glasgow,  |c 1976. 
300 |a 43 pages ;  |c 30 cm. 
336 |a text  |b txt  |2 rdacontent 
337 |a unmediated  |b n  |2 rdamedia 
338 |a volume  |b nc  |2 rdacarrier 
490 1 |a Occasional papers / Institute of Latin American Studies, University of Glasgow,  |v no. 21 
500 |a Cover title. 
504 |a Includes bibliographical references. 
650 0 |a Investments, Foreign  |z Central America. 
651 0 |a Central America  |x Economic integration. 
651 0 |a Central America  |x Industries. 
830 0 |a Occasional papers (University of Glasgow. Institute of Latin American Studies) ;  |v no. 21. 
999 |a MARS 
999 f f |s 7a083cae-c3d4-3882-b7d6-784e82c018e1  |i 77c32c52-bbbc-3403-a2b3-48c496b4a5df  |t 0 
952 f f |p ric  |a Texas A&M University  |b Rellis Campus  |c Joint Library Facility  |d Remote Storage  |t 0  |e HG5172 C3  |h Library of Congress classification  |i unmediated -- volume  |m A14805983713 
998 f f |a HG5172 C3  |t 0  |l Remote Storage